Record Details

Baking : The Complete Collection

Record details

  • ISBN: 9781742457079
  • Physical Description: Hard Cover
  • Publisher: London Bauer Media Books 2016
Subject: Baking

Available copies

  • 1 of 1 copy available at Headquarters.
Location Call Number / Copy Notes Barcode Shelving Location Status Due Date
Lartebiokorshie Grace Library 201 641.5884/CLA 000001004939 600 - Technology-How things are made, Human Body, Health & Disease, Pets, Farms, Cars, Cooking Available -

No reviews or recommendations are currently available.

Loading shelf browser…

LDR 00620cam a2200205Ka 4500
00176024
003HQ
00520201118102846.0
008070101s xxka er 0 eng d
020 . ‡a9781742457079
037 . ‡aBook Aid
082 . ‡a641.5884/CLA
245 . ‡aBaking : The Complete Collection
260 . ‡aLondon ‡bBauer Media Books ‡c2016
300 . ‡aHard Cover
650 . ‡aBaking
901 . ‡a76024 ‡bAUTOGEN ‡c76024 ‡tbiblio

Session Timeout

Your session will expire in minutes and seconds.

If you need more time, please click "Continue Session."

Session Ended

Your session has ended. Redirecting to the home page...